Normal view MARC view
  • Bergallo, Paola

Entry Nombre Personal

Number of records used in: 1

001 - NUMERO DE CONTROL

  • campo de control: 46900

003 - IDENTIFICADOR DE NUMERO DE CONTROL

  • campo de control: DLC

005 - FECHA Y HORA DE LA ÜLTIMA TRANSACCIÓN

  • campo de control: 20220929152830.0

008 - DATOS DE LONGITUD FIJA

  • campo de control de longitud fija: 220929n| azannaabn |n aaa c

010 ## - NÚMERO DE CONTROL DE LA BIBLIOTECA DEL CONGRESO

  • Número de control LC: no2010186665

035 ## - NUMERO DE CONTROL

  • Número de control: (OCoLC)oca08688506

040 ## - FUENTE DE CATALOGACIÓN

  • Agencia original de catalogación: CSt-Law
  • Lenguaje de catalogación: spa
  • Agencia de transcripción: CSt-Law
  • Description conventions: rda
  • Agencia que lo modifica: CSt-Law
  • Agencia que lo modifica: MX-MxUPN

100 1# - ENCABEZAMIENTO - NOMBRE PERSONAL

  • Nombre personal: Bergallo, Paola

370 ## - LUGAR ASOCIADO

  • Associated country: Argentina
  • Fuente del término: naf

372 ## - CAMPO DE ACTIVIDAD

  • Field of activity: Derecho
  • Fuente del término: lemb

373 ## - GRUPO ASOCIADO

  • Associated group: Stanford University
  • Fuente del término: naf

373 ## - GRUPO ASOCIADO

  • Associated group: Universidad Torcuato di Tella. Escuela de Derecho
  • Fuente del término: naf

373 ## - GRUPO ASOCIADO

  • Associated group: Consejo Nacional de Investigaciones Científicas y Técnicas (Argentina)
  • Fuente del término: naf

374 ## - OCUPACIÓN

  • Occupation: Profesores de derecho

377 ## - LENGUA ASOCIADA

  • Language code: spa

670 ## - FUENTE EN LA QUE SE LOCALIZARON DATOS

  • Cita de la fuente: Justicia, género y reproducción, 2010, ©2010:
  • Información localizada: portada (Paola Bergallo) cubierta (LL. M., Universidad de Columbia; J.S.M. Stanford University; candidata a doctora en Stanford)

670 ## - FUENTE EN LA QUE SE LOCALIZARON DATOS

  • Cita de la fuente: Hacia políticas judiciales de género, 2017:
  • Información localizada: página 329 (Paola Bergallo, doctora en derecho por la Stanford University. Profesor asociado en la Escuela de Derecho de la Universidad Torcuato Di Tella. Investigador adjunto en el Consejo Nacional de Investigaciones Científicas y Técnicas (CONICET). Miembro fundador de la Red Latinoamericana de Académicos/as del Derecho RED-Alas.)

670 ## - FUENTE EN LA QUE SE LOCALIZARON DATOS

  • Cita de la fuente: El aborto en América Latina, 2019:
  • Información localizada: portada (Paola Bergallo)

902 ## - CATALOGADOR

  • Catalogador: VAGG/290922